[Event "CAN-ch U12 Girls"]
[Site "Quebec"]
[Date "2018.07.05"]
[Round "7.101"]
[White "Boucher, Anne Marie"]
[Black "Vozian, Emilia"]
[Result "0-1"]
[WhiteElo "820"]
[BlackElo "1045"]
[PlyCount "82"]
[EventDate "2018.07.02"]
[EventType "swiss"]
[EventRounds "7"]
[EventCountry "CAN"]
[SourceTitle "EXT 2022"]
[Source "ChessBase"]
[SourceDate "2021.10.06"]
[SourceVersion "1"]
[SourceVersionDate "2021.10.06"]
[SourceQuality "1"]

1. e4 e5 2. Nf3 Nc6 3. Bb5 d6 4. 0-0 Bd7 5. Nc3 Nf6 6. d3 Be7 7. Be3 a6 8. Ba4 b5 9. Bb3 Bg4 10. h3 Bh5 11. d4 exd4 12. Bxd4 Nxd4 13. Qxd4 Bxf3 14. gxf3 c5 15. Qe3 c4 16. Nd5 Nxd5 17. exd5 cxb3 18. axb3 0-0 19. Rae1 Bg5 20. Qe4 Re8 21. Qb4 Qf6 22. Rxe8+ Rxe8 23. Re1 Rxe1+ 24. Qxe1 Qe5 25. Qc3 Qxc3 26. bxc3 Kf8 27. Kg2 Bf6 28. c4 bxc4 29. bxc4 a5 30. c5 dxc5 31. c4 a4 32. d6 a3 33. d7 a2 34. d8Q+ Bxd8 35. f4 a1Q 36. h4 Bxh4 37. Kh3 Qh1+ 38. Kg4 h5+ 39. Kxh5 Bxf2+ 40. Kg4 Qg2+ 41. Kh5 Qg6# 0-1

[Event "CAN-ch U12 Girls"]
[Site "Quebec"]
[Date "2018.07.03"]
[Round "4.103"]
[White "Gauthier, Annie"]
[Black "Boucher, Anne Marie"]
[Result "0-1"]
[WhiteElo "842"]
[BlackElo "820"]
[PlyCount "50"]
[EventDate "2018.07.02"]
[EventType "swiss"]
[EventRounds "7"]
[EventCountry "CAN"]
[SourceTitle "EXT 2022"]
[Source "ChessBase"]
[SourceDate "2021.10.06"]
[SourceVersion "1"]
[SourceVersionDate "2021.10.06"]
[SourceQuality "1"]

1. f3 e5 2. c3 d5 3. d4 Nc6 4. e4 Nf6 5. Qd3 Be7 6. dxe5 Nxe5 7. Qd4 Nc6 8. Qf2 dxe4 9. Qd2 Bd7 10. Qe3 exf3 11. Qxf3 Bg4 12. Qd3 0-0 13. h3 Bf5 14. Qxf5 Re8 15. Qd3 Bc5+ 16. Be3 Rxe3+ 17. Qxe3 Bxe3 18. Ne2 Qe8 19. g4 Rd8 20. h4 Nxg4 21. Bh3 Nf2 22. Rg1 Nxh3 23. Rg3 Qd7 24. Rxe3 Qf5 25. Na3 Qf2# 0-1

[Event "CAN-ch U10 Girls"]
[Site "Sault Ste Marie"]
[Date "2017.07.08"]
[Round "5"]
[White "Carrier, Sophie"]
[Black "Boucher, Anne Marie"]
[Result "0-1"]
[WhiteElo "821"]
[BlackElo "817"]
[PlyCount "90"]
[EventDate "2017.07.06"]
[EventType "swiss"]
[EventRounds "7"]
[EventCountry "CAN"]
[SourceTitle "EXT 2022"]
[Source "ChessBase"]
[SourceDate "2021.10.06"]
[SourceVersion "1"]
[SourceVersionDate "2021.10.06"]
[SourceQuality "1"]

1. e4 e5 2. Qf3 Nf6 3. Bb5 Bc5 4. Qd3 a6 5. Bxd7+ Nbxd7 6. Nf3 0-0 7. 0-0 Ng4 8. h3 Ngf6 9. b3 b6 10. Ng5 h6 11. Nf3 Bb7 12. a3 Bxe4 13. Qc3 Nd5 14. Qc4 N7f6 15. Nxe5 Qd6 16. Bb2 Nf4 17. g3 Nxh3+ 18. Kh2 Ng5 19. d3 Bf3 20. Nxf3 Nxf3+ 21. Kg2 Qc6 22. d4 Nd2+ 23. d5 Nxc4 24. dxc6 Nxb2 25. Ra2 Bd4 26. c3 Rad8 27. cxd4 Nd3 28. Rd1 Rxd4 29. Nd2 Re8 30. Nf3 Rd5 31. Rc2 Ng4 32. Rc4 Ngxf2 33. g4 Nxd1 34. Ra4 Re2+ 35. Kf1 Rf2+ 36. Kg1 Rxf3 37. Rxa6 N3b2 38. Ra7 Rd2 39. Ra8+ Kh7 40. Re8 Rff2 41. Re1 b5 42. Re7 Nc3 43. Rxc7 Rfe2 44. Rxf7 Nd5 45. Rd7 Rd1# 0-1

[Event "CAN-ch U10 Girls"]
[Site "Sault Ste Marie"]
[Date "2017.07.07"]
[Round "3"]
[White "Boucher, Anne Marie"]
[Black "Deng, Joyce"]
[Result "0-1"]
[WhiteElo "817"]
[BlackElo "1000"]
[PlyCount "98"]
[EventDate "2017.07.06"]
[EventType "swiss"]
[EventRounds "7"]
[EventCountry "CAN"]
[SourceTitle "EXT 2022"]
[Source "ChessBase"]
[SourceDate "2021.10.06"]
[SourceVersion "1"]
[SourceVersionDate "2021.10.06"]
[SourceQuality "1"]

1. e4 e5 2. Nf3 Nc6 3. Bb5 a6 4. Ba4 Nf6 5. 0-0 Bc5 6. d3 0-0 7. Nc3 d6 8. Nd5 Bg4 9. h3 Be6 10. Nxf6+ Qxf6 11. Bg5 Qg6 12. c3 f6 13. Be3 Bxe3 14. fxe3 Qe8 15. Qe1 Qe7 16. Nh4 d5 17. Nf5 Bxf5 18. Rxf5 dxe4 19. dxe4 Rad8 20. Bb3+ Kh8 21. Rh5 h6 22. Qg3 b5 23. Qg6 Na5 24. Bd5 c6 25. Bg8 Kxg8 26. Rxh6 Nc4 27. Rf1 Nxe3 28. Rf3 Rd1+ 29. Kh2 Nf1+ 30. Kg1 Nd2+ 31. Kf2 Nxf3 32. Kxf3 Rfd8 33. Kg4 R8d2 34. Kh5 Rxb2 35. Qh7+ Kf7 36. Rg6 Ke6 37. Qg8+ Qf7 38. Qh7 Rh1 39. Kg4 Rxg2+ 40. Kf3 Rxg6 41. Qh8 Rh6 42. Qc8+ Qd7 43. Qg8+ Ke7 44. Qxg7+ Ke6 45. Qxh6 Qd3+ 46. Kg2 Qf1+ 47. Kg3 Qg1+ 48. Kh4 Qg2 49. Kh5 Rxh3# 0-1

[Event "CAN-ch U10 Girls"]
[Site "Windsor"]
[Date "2016.07.08"]
[Round "7.111"]
[White "Boucher, Anne Marie"]
[Black "Calugar, Emma"]
[Result "0-1"]
[WhiteElo "915"]
[BlackElo "651"]
[PlyCount "76"]
[EventDate "2016.07.05"]
[EventType "swiss"]
[EventRounds "7"]
[EventCountry "CAN"]
[SourceTitle "EXT 2022"]
[Source "ChessBase"]
[SourceDate "2021.10.06"]
[SourceVersion "1"]
[SourceVersionDate "2021.10.06"]
[SourceQuality "1"]

1. e4 e5 2. Bc4 Nf6 3. Nc3 Nc6 4. Nf3 Nxe4 5. Nxe4 d5 6. Bb5 dxe4 7. Ng5 Qxg5 8. d3 Qxg2 9. Rf1 exd3 10. Bc4 Qxh2 11. Bg5 Qg2 12. Qd2 Bb4 13. c3 Qe4+ 14. Kd1 Bg4+ 15. Kc1 Qxc4 16. Qe1 Rd8 17. a3 d2+ 18. Bxd2 Ba5 19. Rg1 h5 20. Bg5 Rd1+ 21. Qxd1 Bxd1 22. Kxd1 Qd3+ 23. Ke1 Bxc3+ 24. bxc3 Qxc3+ 25. Ke2 Nd4+ 26. Kd1 Qxa1+ 27. Kd2 Qxg1 28. Kd3 Qxg5 29. Ke4 Qf4+ 30. Kd5 c6+ 31. Kc5 Nb3+ 32. Kd6 Qf6+ 33. Kc7 Qe7+ 34. Kb8 Kd7+ 35. Kxa7 Qxa3+ 36. Kb6 Qb4+ 37. Ka7 Qa5+ 38. Kxb7 Nc5# 0-1

[Event "CAN-ch U10 Girls"]
[Site "Windsor"]
[Date "2016.07.06"]
[Round "3.109"]
[White "Boucher, Anne Marie"]
[Black "Zhou, Madison"]
[Result "1-0"]
[WhiteElo "915"]
[BlackElo "737"]
[PlyCount "57"]
[EventDate "2016.07.05"]
[EventType "swiss"]
[EventRounds "7"]
[EventCountry "CAN"]
[SourceTitle "EXT 2022"]
[Source "ChessBase"]
[SourceDate "2021.10.06"]
[SourceVersion "1"]
[SourceVersionDate "2021.10.06"]
[SourceQuality "1"]

1. e4 e5 2. Nf3 Nc6 3. Bb5 a6 4. Ba4 Bc5 5. 0-0 Nf6 6. Nc3 0-0 7. d3 d6 8. Bg5 h6 9. Bh4 g5 10. Bg3 Bg4 11. h3 Be6 12. h4 Nh5 13. Qd2 b5 14. Bb3 Bxb3 15. cxb3 Nxg3 16. Rfe1 gxh4 17. Qxh6 b4 18. Nd1 Nd4 19. Nxh4 Nc2 20. Nf5 Nxf5 21. exf5 Nxe1 22. f6 Qxf6 23. Qxf6 Nxd3 24. Ne3 Bxe3 25. fxe3 Nxb2 26. Rf1 Rab8 27. Rf3 Kh7 28. Rh3+ Kg8 29. Qh8# 1-0

[Event "CAN-ch U08 Girls"]
[Site "Windsor"]
[Date "2015.07.09"]
[Round "7.142"]
[White "Siahou, Audrey"]
[Black "Boucher, Anne Marie"]
[Result "0-1"]
[WhiteElo "871"]
[BlackElo "794"]
[PlyCount "35"]
[EventDate "2015.07.06"]
[EventType "swiss"]
[EventRounds "7"]
[EventCountry "CAN"]
[SourceTitle "EXT 2022"]
[Source "ChessBase"]
[SourceDate "2021.10.06"]
[SourceVersion "1"]
[SourceVersionDate "2021.10.06"]
[SourceQuality "1"]

1. e4 e5 2. Nf3 Nc6 3. Nc3 Nf6 4. Bb5 Bb4 5. 0-0 0-0 6. d3 a6 7. Bg5 axb5 8. Nxb5 Ra5 9. Nc3 d6 10. h3 Bc5 11. a3 Qd7 12. b4 Nxb4 13. axb4 Bxb4 14. Rxa5 Bxa5 15. Bxf6 Qc6 16. d4 Bxc3 17. Qb1 Qxe4 18. dxe5 0-1

[Event "CAN-ch U08 Girls"]
[Site "Windsor"]
[Date "2015.07.08"]
[Round "4.138"]
[White "Boucher, Anne Marie"]
[Black "Lin, Angela"]
[Result "0-1"]
[WhiteElo "794"]
[BlackElo "844"]
[PlyCount "54"]
[EventDate "2015.07.06"]
[EventType "swiss"]
[EventRounds "7"]
[EventCountry "CAN"]
[SourceTitle "EXT 2022"]
[Source "ChessBase"]
[SourceDate "2021.10.06"]
[SourceVersion "1"]
[SourceVersionDate "2021.10.06"]
[SourceQuality "1"]

1. e4 c5 2. Nf3 d6 3. Bb5+ Bd7 4. 0-0 Bxb5 5. b3 Bxf1 6. Kxf1 g6 7. d4 cxd4 8. Nxd4 Bg7 9. Nf3 Nc6 10. Ng5 h6 11. Nf3 Bxa1 12. c3 Nf6 13. Be3 Nxe4 14. Qd5 Nxc3 15. Qd3 Nxb1 16. Qxb1 Bg7 17. Qe4 0-0 18. b4 Kh8 19. Ne1 f5 20. Qh4 e6 21. Nc2 Qxh4 22. b5 Nb4 23. Ne1 Qc4+ 24. Kg1 Nc2 25. Nf3 Nd4 26. Bxd4 Qc1+ 27. Ne1 Qxe1# 0-1

[Event "CAN-ch U08 Girls"]
[Site "Windsor"]
[Date "2015.07.06"]
[Round "1.139"]
[White "Boucher, Anne Marie"]
[Black "Vo, Andy"]
[Result "1-0"]
[WhiteElo "794"]
[BlackElo "700"]
[PlyCount "65"]
[EventDate "2015.07.06"]
[EventType "swiss"]
[EventRounds "7"]
[EventCountry "CAN"]
[SourceTitle "EXT 2022"]
[Source "ChessBase"]
[SourceDate "2021.10.06"]
[SourceVersion "1"]
[SourceVersionDate "2021.10.06"]
[SourceQuality "1"]

1. e4 e5 2. Bc4 Nf6 3. Nc3 Bc5 4. Nf3 Nc6 5. 0-0 0-0 6. d3 h6 7. Re1 d6 8. Nd2 Bg4 9. Ne2 Nd7 10. b4 Bd4 11. c3 Bxc3 12. Qc2 Bxa1 13. Ng3 Nd4 14. Qb1 b5 15. Bb3 Bc3 16. Ndf1 Bxe1 17. Bd5 Rb8 18. Ne3 Bh5 19. Nxh5 c6 20. Bb3 Nxb3 21. Qxb3 Qb6 22. Ng3 Qd8 23. Nef5 g6 24. Nh4 Qxh4 25. Qd1 Bxb4 26. Bb2 d5 27. d4 f5 28. dxe5 Rfe8 29. e6 Rxe6 30. Ba1 Rxe4 31. Qc1 Rc4 32. Qb2 Re8 33. Qg7# 1-0